| 000 | nam a22 7a 4500 | ||
|---|---|---|---|
| 999 |
_c15231 _d15231 |
||
| 005 | 20200310145339.0 | ||
| 008 | 200310b xxu||||| |||| 00| 0 eng d | ||
| 040 | _cKH FK | ||
| 245 |
_aThe lozi peoples of North -western rhodesia _cV.W Turner |
||
| 260 |
_aLondon _bInternational African institute _c1952 |
||
| 300 | _a62,p. | ||
| 942 |
_2lcc _cOS _hDT955.T8 |
||